| 000 | 00418 a2200133 4500 | ||
|---|---|---|---|
| 001 | 87964 | ||
| 082 | _aPR 303 | ||
| 090 |
_c41434 _d41434 |
||
| 100 | _aShuja ud din; Jehanzeb Masud, prof | ||
| 245 |
_aAerodynamic configuration and air intake wind tunnel test data correction for JF-17 high aoa performance estimation _nG-58 |
||
| 260 |
_aRisalpur _bNUST _c2003 |
||
| 300 | _av, 72 p. | ||
| 500 | _aBE project reports AE | ||
| 942 |
_aCAE NUST _kPR 303 |
||
| 999 |
_c323037 _d323037 |
||